000 01096nam a22002537a 4500
005 20110826151847.0
008 110810t xxu||||| |||| 00| 0 mar d
010 _aMAR-21285
020 _c100.00
035 _aMR-13943
037 _bDBAD/PUB
040 _aDPL
_bMR
082 _a891.463
100 _932250
_aमुनघाटे,गो.ना.
245 _aमाझी काटे मुंढरीची शाळा /
_cगो ना मुनघाटे
246 _aManjhi Kate Mundarichi Shala
_bby G N Munghate
260 _aपुणे
_bसाधना प्रकाशन
_c2011
270 _a926, सदाशिव पेठ
_bपुणे
_e411030
300 _a136 पृ.
_c21सेमी(अजिल्द)
_b
650 _aमराठी कादंबरी
_933901
650 _aMarathi Fiction
_933902
942 _2ddc
_cMR
_mमुनघा
_h891.463
999 _c56064
_d56064